Evaluating, doing and writing research in psychology : (Record no. 6577)
[ view plain ]
| 000 -LEADER | |
|---|---|
| fixed length control field | 01609cam a2200397 a 4500 |
| 001 - CONTROL NUMBER | |
| control field | 12505643 |
| 003 - CONTROL NUMBER IDENTIFIER | |
| control field | OSt |
| 005 - DATE AND TIME OF LATEST TRANSACTION | |
| control field | 20200204145213.0 |
| 008 - FIXED-LENGTH DATA ELEMENTS--GENERAL INFORMATION | |
| fixed length control field | 010817s2001 enka b 001 0 eng d |
| 010 ## - LIBRARY OF CONGRESS CONTROL NUMBER | |
| LC control number | 2001273365 |
| 020 ## - INTERNATIONAL STANDARD BOOK NUMBER | |
| International Standard Book Number | 0761971742 (cloth) |
| 020 ## - INTERNATIONAL STANDARD BOOK NUMBER | |
| International Standard Book Number | 0761971750 (pbk.) |
| 035 ## - SYSTEM CONTROL NUMBER | |
| System control number | (OCoLC)ocm45829740 |
| 040 ## - CATALOGING SOURCE | |
| Original cataloging agency | UKM |
| Transcribing agency | UKM |
| Modifying agency | EYE |
| -- | DLC |
| 042 ## - AUTHENTICATION CODE | |
| Authentication code | lccopycat |
| 082 00 - DEWEY DECIMAL CLASSIFICATION NUMBER | |
| Classification number | 150 |
| Edition number | 21 |
| Item number | BEL 2001 |
| 100 1# - MAIN ENTRY--PERSONAL NAME | |
| Personal name | Bell, Philip, |
| Dates associated with a name | 1947- |
| 9 (RLIN) | 13520 |
| 245 10 - TITLE STATEMENT | |
| Title | Evaluating, doing and writing research in psychology : |
| Remainder of title | a step-by-step guide for students. |
| 260 ## - PUBLICATION, DISTRIBUTION, ETC. (IMPRINT) | |
| Place of publication, distribution, etc. | London ; |
| -- | Thousand Oaks, Calif. : |
| Name of publisher, distributor, etc. | SAGE Publications, |
| Date of publication, distribution, etc. | 2001. |
| 300 ## - PHYSICAL DESCRIPTION | |
| Extent | vii, 321 p. : |
| Other physical details | ill. ; |
| Dimensions | 25 cm. |
| 500 ## - GENERAL NOTE | |
| General note | Rev. and expanded ed. of: Reasoning and argument in psychology. 1979. |
| 504 ## - BIBLIOGRAPHY, ETC. NOTE | |
| Bibliography, etc | Includes bibliographical references (p. [309]-314) and indexes. |
| 650 #0 - SUBJECT ADDED ENTRY--TOPICAL TERM | |
| Topical term or geographic name as entry element | Psychology |
| General subdivision | Authorship. |
| 9 (RLIN) | 13521 |
| 650 #0 - SUBJECT ADDED ENTRY--TOPICAL TERM | |
| Topical term or geographic name as entry element | Reasoning (Psychology) |
| 9 (RLIN) | 13522 |
| 650 #0 - SUBJECT ADDED ENTRY--TOPICAL TERM | |
| Topical term or geographic name as entry element | Persuasion (Rhetoric) |
| 9 (RLIN) | 13523 |
| 650 #0 - SUBJECT ADDED ENTRY--TOPICAL TERM | |
| Topical term or geographic name as entry element | Academic writing. |
| 9 (RLIN) | 13524 |
| 650 #0 - SUBJECT ADDED ENTRY--TOPICAL TERM | |
| Topical term or geographic name as entry element | Psychology |
| General subdivision | Research. |
| 9 (RLIN) | 13525 |
| 700 1# - ADDED ENTRY--PERSONAL NAME | |
| Personal name | Staines, Phillip. |
| 9 (RLIN) | 13526 |
| 700 1# - ADDED ENTRY--PERSONAL NAME | |
| Personal name | Michell, Joel. |
| 9 (RLIN) | 13527 |
| 700 1# - ADDED ENTRY--PERSONAL NAME | |
| Personal name | Bell, Philip Brian. |
| Title of a work | Reasoning and argument in psychology. |
| 9 (RLIN) | 13528 |
| 856 4# - ELECTRONIC LOCATION AND ACCESS | |
| Materials specified | Table of Contents only |
| Uniform Resource Identifier | http://www.loc.gov/catdir/toc/fy02/2001273365.html |
| 856 42 - ELECTRONIC LOCATION AND ACCESS | |
| Materials specified | Publisher description |
| Uniform Resource Identifier | http://www.loc.gov/catdir/enhancements/fy0658/2001273365-d.html |
| 906 ## - LOCAL DATA ELEMENT F, LDF (RLIN) | |
| a | 7 |
| b | cbc |
| c | copycat |
| d | 2 |
| e | ncip |
| f | 20 |
| g | y-gencatlg |
| 942 ## - ADDED ENTRY ELEMENTS (KOHA) | |
| Source of classification or shelving scheme | Dewey Decimal Classification |
| Koha item type | Open Shelf |
| Withdrawn status | Lost status | Source of classification or shelving scheme | Damaged status | Not for loan | Home library | Current library | Date acquired | Source of acquisition | Inventory number | Total Checkouts | Full call number | Barcode | Date last seen | Price effective from | Koha item type |
|---|---|---|---|---|---|---|---|---|---|---|---|---|---|---|---|
| Dewey Decimal Classification | MUST Main Library | MUST Main Library | 04/02/2020 | Donation | 2014/38590 | 150 BEL 2001 | 2020-0321 | 04/02/2020 | 04/02/2020 | Open Shelf |
